| 000 | 00462nam a22001697a 4500 | ||
|---|---|---|---|
| 005 | 20240904103427.0 | ||
| 008 | 240904b |||||||| |||| 00| 0 eng d | ||
| 020 | _a1594544913 | ||
| 040 | _cPK-LaUMT | ||
| 082 |
_a612.3072 _bTRE- |
||
| 245 |
_aTrends in nutrition research / _cedited by Tony P. Starks |
||
| 260 |
_aNew York : _bNova Science Publishers, _c2006 |
||
| 300 | _a154 p. | ||
| 650 |
_aNutrition therapy _91888 |
||
| 650 | _aNutrition | ||
| 942 | _cBK | ||
| 999 |
_c134990 _d134990 |
||